| 000 | 00645nam a22002177a 4500 | ||
|---|---|---|---|
| 003 | OSt | ||
| 005 | 20140310183121.0 | ||
| 008 | 130510t xxu||||| |||| 00| 0 eng d | ||
| 020 | _a9789712348686 | ||
| 050 |
_aDS 675.8R7 _b.V145 2007 |
||
| 082 |
_aF959.9025092 _b.V145 2007 |
||
| 245 |
_aDr. Jose Rizal and the writing of his story / _cValdez, Maria Stella S. |
||
| 260 |
_aSampaloc, Manila : _bRex Book Store, _c2007 |
||
| 300 |
_avii, 337 p. _c22 cm. |
||
| 504 | _aIncludes bibliographical references and index. | ||
| 521 | _aCollege students | ||
| 526 | _c1210L-1700L | ||
| 541 | _j1 | ||
| 562 | _e1 | ||
| 942 |
_2lcc _cBK _kFIL |
||
| 999 |
_c18929 _d18929 |
||